| 000 | 00979nam a2200301 i 4500 | ||
|---|---|---|---|
| 001 | 66488 | ||
| 003 | ES-MaACL | ||
| 005 | 20230906165650.0 | ||
| 007 | t| | ||
| 008 | 021115s2002 ag ||||0| spa d | ||
| 020 | _a950-15-2127-3 | ||
| 040 |
_aM-BN _bspa _cM-BN |
||
| 080 | _a929.71 (091) | ||
| 100 | 1 |
_aRead, Piers Paul. _995670 |
|
| 245 | 1 | 4 |
_aLos templarios _b: monjes y guerreros / _cPiers Paul Read ; [traducción, Gerardo Gambolini]. |
| 250 | _a2ª ed. | ||
| 260 |
_aBuenos Aires : _bJavier Vergara Editor, _c2002 ( _eBarcelona : _fLiberdúplex) |
||
| 300 |
_a399 p., [16] h. de lám : _bmap., il. ; _c25 cm. |
||
| 490 | 1 | _aBiografía e historia | |
| 504 | _aBibliografía: p. 373-376. Indice. | ||
| 610 | 2 | 4 |
_aOrden del Temple. _96041 |
| 650 | 1 | 4 |
_aOrdenes militares. _915744 |
| 700 | 1 |
_aGambolini, Gerardo. _953770 |
|
| 830 | 0 |
_aBiografía e historia _9180671 |
|
| 852 |
_aES-MaACL _jL-26957 _bR.132551 |
||
| 999 |
_c66488 _d66488 |
||